000 00578nam a2200193Ia 4500
003 GCL
008 140319s9999 xx 000 0 ara d
040 _aGCL /
_cGCL
082 0 4 _a210.8
_bا د
100 1 _aامين الخولى
245 1 0 _aدراسات اسلامية /
_cامين الخولى
300 _a110 ص
490 _aالاعمال المختارة
_v0
650 0 4 _aالاسلام
650 0 4 _aالسيرة النبوية
650 0 4 _aالشريعة الاسلامية
650 0 4 _aالطلاق (الشريعة الاسلامية )
942 _2ddc
_cBK
999 _c51765
_d51765